Od štyroch P ku štyrom C: moc na trhu producentom ukázala chrbát

Nové chápanie marketingových nástrojov. Hlavným cieľom je uspokojenie želaní zákazníka. Nahradenie pôvodných marketingových nástrojov (produkt, cena, distribúcia, promotion) spotrebiteľskými potrebami a želaniami, nákladmi na komunikáciu, pohodlím nákupu, uspokojením potrieb a želaní spotrebiteľa.

Gespeichert in:
Bibliographische Detailangaben
1. Verfasser: Lechnický, Milan
Format: Buchkapitel
Sprache:Slowakisch
Schlagworte:
Tags: Tag hinzufügen
Keine Tags, Fügen Sie das erste Tag hinzu!

MARC

LEADER 00000naa a2200000 4500
001 r020469
005 20230911123229.3
041 0 |a slo 
044 |a SK 
245 1 0 |a Od štyroch P ku štyrom C: moc na trhu producentom ukázala chrbát  |c M. Lechnický 
520 |a Nové chápanie marketingových nástrojov. Hlavným cieľom je uspokojenie želaní zákazníka. Nahradenie pôvodných marketingových nástrojov (produkt, cena, distribúcia, promotion) spotrebiteľskými potrebami a želaniami, nákladmi na komunikáciu, pohodlím nákupu, uspokojením potrieb a želaní spotrebiteľa. 
610 2 0 |a marketing 
610 2 0 |a podnikanie 
610 2 0 |a zákazníci 
610 2 0 |a nástroje marketingové 
100 1 |a Lechnický, Milan